00542nam a2200193Ia 4500003000900000008004100009020001800050040001600068080001600084100001500100245011400115260003400229300001600263490002400279650001200303650000800315650001200323700001300335IN-BaIIA211028s9999 xx 000 0 eng d a1-85233-621-8 cIIA Library a521.84bMAU aMaunder, M 0aTransit when planets cross the suncM. Maunder and P. Moore  aLondonbSpringer-Verlagc2000 aviii, 164p. aPractical astronomy aPlanets aSun aTransit aMoore, P